| 000 | 00737nam a2200205 a 4500 | ||
|---|---|---|---|
| 003 | 0 | ||
| 005 | 20250429111934.0 | ||
| 008 | 970114s19uu xx 00 eng d | ||
| 050 |
_aPGS HF 5381 _b.B858 2003 |
||
| 100 | _aBriones, Ma. Andrea Ison. | ||
| 245 |
_aFactors that affects the choice of career of 4th year students / _cMa. Andrea Ison Briones. |
||
| 260 |
_aLas PiƱas City, Philippines : _bSouthville International School and Colleges, _c2003. |
||
| 300 |
_a28 pages : _billustrations ; _c28 cm. |
||
| 504 | _aIncludes bibliographical references. | ||
| 650 | _aCareer choice. | ||
| 650 |
_aStudents _vVocational guidance. |
||
| 650 |
_aOccupations _vChoice. |
||
| 650 | _aDecision making in adolescents. | ||
| 942 |
_2lcc _cPASS |
||
| 999 |
_c96839 _d96839 |
||